Statistics for Origin SMP

Click here to take the quiz!

General Stats

  • This quiz has been taken 8 times
  • The average score is 14 of 15

Answer Stats

HintAnswer% Correct
Fox BoiFundy
100%
Blaze BoiJack Manifold
100%
Fragrance GuyJSchlatt
100%
Wingy BoiPhilza
100%
Ender BoiRanboo
100%
Slimey BoiSlimecicle
100%
Star GuySmajor
100%
Small BoiSneeg
100%
Bunny BoiTechnoblade
100%
Avian BoiTommyInnit
100%
Bee BoiTubbo
100%
Ghosty BoiWilbur Soot
100%
Avian GirlBeautie
86%
Mermaid GirlNihachu
86%
Cat BoiJames Mariott
29%

Score Distribution

Percentile by Number Answered

Percent of People with Each Score

Your Score History

You have not taken this quiz